Neural networks for modelling and control of dynamic systems: a practitioner's handbook

I tiakina i:
Ngā taipitopito rārangi puna kōrero
Ngā kaituhi matua: Norgaard, Magnus (Author), Ravn, O (Author), Poulsen, N. K (Author), Hansen, L. K (Author)
Hōputu: Pukapuka
Reo:Ingarihi
I whakaputaina: Londres Springer 2003
Putanga:3a. ed
Rangatū:Advanced Textbooks in Control and Signal Processing
Ngā marau:
Ngā Tūtohu: Tāpirihia he Tūtohu
Kāore He Tūtohu, Me noho koe te mea tuatahi ki te tūtohu i tēnei pūkete!

MARC

LEADER 00000nam a2200000 a 4500
001 UCH0038
003 CL-VaPUC
008 090108e20030000UK |||||||||||||||||eng|d
020 |a 1852332271 
082 0 4 |a 006.32  |b NOR  |2 21 
100 |a Norgaard, Magnus  |e author  |9 534111 
700 0 |a Ravn, O  |e author  |9 534112 
700 0 |a Poulsen, N. K  |e author  |9 534113 
700 0 |a Hansen, L. K  |e author  |9 534114 
245 1 0 |a Neural networks for modelling and control of dynamic systems: a practitioner's handbook 
250 |a 3a. ed 
300 |a 246 p 
942 |c BK 
945 |d 20090108 00:00:00  |a rbrito 
260 |a Londres  |b Springer  |c 2003 
650 0 |a Redes neuronales   |9 497590 
650 0 |a Sistemas dinámicos   |9 260496 
650 0 |a Control automático  |9 259890 
650 0 |a Simulación por computador  |9 260988 
650 0 |a Programación no lineal   |9 259385 
583 |a last modification  |c 20121217 10:07:58  |k Rodrigo Vera 
490 0 |a Advanced Textbooks in Control and Signal Processing 
999 |c 332443  |d 332441 
952 |0 0  |1 0  |4 0  |6 006_320000000000000_NOR_2003  |7 0  |8 A  |9 420156  |a BIBING  |b BIBING  |d 2019-11-22  |i 4510496  |o 006.32 NOR 2003  |p 4510496  |r 2025-01-20  |w 2019-11-22  |y BK  |k EIE